Sélection de tuiles - League of Legends - Statistiques

Statistiques générales
  • Ce quiz a été pris 88 fois
  • Le résultat moyen est 45 sur 60
Statistiques - réponses
Question Tuile Select % Correct
Champions présents depuis la béta Aurora Non
96%
Champions qui utilisent de l'énergie Fizz Non
93%
Champions qui peuvent devenir invisible Hecarim Non
93%
Champions qui peuvent devenir invisible Kled Non
93%
Champions qui peuvent devenir invisible Smolder Non
93%
Champions qui peuvent devenir invisible Shaco Oui
92%
Équipes championnes du monde T1 Oui
92%
Champions qui utilisent de l'énergie Aatrox Non
90%
Champions qui peuvent devenir invisible Shen Non
90%
Champions qui utilisent de l'énergie Riven Non
89%
Champions qui peuvent devenir invisible Vayne Oui
89%
Champions qui peuvent devenir invisible Yuumi Non
89%
Champions qui utilisent de l'énergie Akali Oui
88%
Champions qui utilisent de l'énergie Lee Sin Oui
88%
Champions pouvant stack à l'infini Rell Non
88%
Équipes championnes du monde Team Liquid Non
88%
Champions présents depuis la béta Kha'Zix Non
86%
Champions pouvant stack à l'infini Nasus Oui
86%
Champions qui utilisent de l'énergie Renekton Non
86%
Champions pouvant stack à l'infini Twitch Non
86%
Champions qui utilisent de l'énergie Rengar Non
85%
Équipes championnes du monde JD Gaming Non
84%
Équipes championnes du monde Top Esports Non
84%
Champions pouvant stack à l'infini Trundle Non
84%
Équipes championnes du monde Cloud9 Non
82%
Champions présents depuis la béta Fizz Non
82%
Champions qui utilisent de l'énergie Gnar Non
82%
Champions pouvant stack à l'infini Smolder Oui
81%
Champions qui utilisent de l'énergie Zed Oui
81%
Champions qui peuvent devenir invisible Akshan Oui
79%
Champions présents depuis la béta Annie Oui
78%
Champions qui utilisent de l'énergie Kennen Oui
78%
Champions pouvant stack à l'infini Kindred Oui
78%
Champions pouvant stack à l'infini Thresh Oui
78%
Champions qui peuvent devenir invisible Aurora Oui
77%
Équipes championnes du monde Fnatic Oui
77%
Champions qui peuvent devenir invisible Kayn Non
77%
Champions pouvant stack à l'infini Swain Oui
77%
Champions pouvant stack à l'infini Viktor Non
77%
Équipes championnes du monde Gen.G Non
75%
Équipes championnes du monde G2 Esports Non
70%
Champions qui peuvent devenir invisible Leblanc Oui
70%
Champions pouvant stack à l'infini Sion Oui
68%
Champions qui peuvent devenir invisible Neeko Oui
67%
Champions qui utilisent de l'énergie Shen Oui
67%
Équipes championnes du monde DRX Oui
64%
Champions pouvant stack à l'infini Syndra Non
64%
Équipes championnes du monde EDward Gaming Oui
63%
Champions présents depuis la béta Caitlyn Non
62%
Champions présents depuis la béta Singed Oui
62%
Champions qui utilisent de l'énergie Ambessa Oui
53%
Équipes championnes du monde Taipei Assassins Oui
53%
Équipes championnes du monde FunPlus Phoenix Oui
48%
Champions présents depuis la béta Rammus Oui
48%
Champions présents depuis la béta Ezreal Non
44%
Champions présents depuis la béta Kassadin Oui
44%
Champions présents depuis la béta Shaco Oui
40%
Champions présents depuis la béta Evelynn Oui
38%
Champions présents depuis la béta Gangplank Oui
32%
Champions pouvant stack à l'infini Shyvana Oui
27%
Aucun quiz correspondant
Distribution des résultats
% des personnes avec chaque résultat
Percentile par nombre de réponses
Votre historique - résultats
Vous n’avez pas pris ce quiz